000 00690nam a2200181Ia 4500
008 100920s9999 xx 000 0 und d
082 _b22573
_a891.464 थ 70
100 _aदेवगिरीकर त्र्यं. र.
245 _aगांधीजी-प्रयोगी कां योगी.
260 _bभारत ग्रंथमाला-पुणें 2.
_c1970
300 _a142
_bसाधी
365 _b4
520 _aनिबंध.
630 _aगांधीजी-प्रयोगी कां योगी.
650 _aनिबंध.
730 _aगांधीजी-प्रयोगी कां योगी.
942 _cBOOK
999 _c681981
_d681978